000 00222nam a2200109Ia 4500
008 190216s9999||||xx |||||||||||||| ||und||
100 _aAnujan O M
245 0 _aMegham
260 _bNull
650 _aKavitha
942 _cBK
999 _c23769
_d23769